000 00364nam a2200157Ia 4500
008 151213s9999 xx 000 0 und d
100 _aBernard Shaw
245 _aSaint Joan
_cBernard Shaw
250 _a1st
260 _aAustralia
_bPenguijng Book
_c1961
300 _a4352 p.
650 _aEnglish
650 _aStory
700 _aBernard Shaw
999 _c2766
_d2766